| 000 | 01502nam a2200133Ia 4500 | ||
|---|---|---|---|
| 008 | 220620s9999||||xx |||||||||||||| ||und|| | ||
| 020 | _a9783040000000 | ||
| 245 | 0 | _aEnergy Systems Analysis and Modelling towards Decarbonisation | |
| 546 | _aEnglish[eng] | ||
| 650 | _aGEM-E3-FIT||low-carbon R&||D||innovation-induced growth||endogenous technology progress||unilateral climate policy||carbon leakage||industrial relocation||border carbon adjustment||electric vehicles||electricity recharging infrastructure||business models||equilibrium programming||Greek EV mobility 2030||private investments in infrastructure||combined gas-steam cycles||efficiency||heat exchange in Heat Recovery Steam Generators (HRSG)||economic analysis||cost management||managerial decisions||fortune 500||carbon disclosure||financial performance||COVID-19||economic recovery||stimulus packages||climate scenarios||integrated assessment modelling||integrated energy system||scheduling||energy trade||smart contract||BECCS||CCS||biomass||climate neutrality||greenhouse gas||emission||abatement cost||EU climate/energy policy||Fit for 55||European Union||Green Deal||burden sharing||effort sharing regulation||emissions trading system||energy system analysis||TIMES PanEU||NEWAGE||agent-based modelling||low carbon electricity system||investment decisions||heterogeneous agents||value factor of wind||n/a | ||
| 700 | _aFragkos, Panagiotis||Siskos, Pelopidas | ||
| 856 | _uhttps://mdpi.com/books/pdfview/book/5362 | ||
| 942 | _cEB | ||
| 999 |
_c34963 _d34963 |
||